[Event "Sommerschach 2022 Vereinsspieler"]
[Site "Dortmund"]
[Date "2022.07.05"]
[Round "2.36"]
[White "Schwedhelm, Dennis"]
[Black "Krolik, Wilfried"]
[Result "1/2-1/2"]
[WhiteElo "1227"]
[BlackElo "1540"]
[PlyCount "93"]
[EventDate "2022.07.??"]
[EventType "tourn"]
[EventRounds "7"]
[WhiteTeam "SV Erkenschwick"]
[BlackTeam "SV Waltrop"]

1. d4 d5 2. c4 e6 3. Nf3 Nf6 4. e3 Be7 5. Nc3 O-O 6. c5 b6 7. b4 a5 8. Qa4 Bb7
9. cxb6 axb4 10. bxc7 Qxc7 11. Nb5 Qb6 12. Qb3 Bc6 13. Nc3 Nbd7 14. Nb1 Ba4 15.
Qd3 Rfc8 16. Nbd2 Rc3 17. Qb1 Bc2 18. Qb2 Qc7 19. Nb3 Bxb3 20. Bd2 Rxa2 21.
Rxa2 Bxa2 22. Qxa2 Ra3 23. Qb2 Qa5 24. Be2 Ra1+ 25. Bd1 Ne4 26. O-O Nxd2 27.
Nxd2 Qa3 28. Qb3 Qxb3 29. Nxb3 Ra8 30. Bc2 Nb6 31. Rc1 Nc4 32. Kf1 g6 33. Ke2
Ra2 34. Kd3 e5 35. dxe5 Nxe5+ 36. Kd4 Ng4 37. Kxd5 Nxf2 38. h3 f5 39. Nc5 Ra5
40. Bb3 Kg7 41. Kd4 Bf6+ 42. Kc4 Bc3 43. Rf1 Ne4 44. Nxe4 fxe4 45. Rd1 Ra7 46.
Kd5 Re7 47. Kd6 1/2-1/2

[Event "Sommerschach 2022 Vereinsspieler"]
[Site "Dortmund"]
[Date "2022.07.05"]
[Round "2.37"]
[White "Scholtyßek, Norbert"]
[Black "Burban, Bogdan"]
[Result "1-0"]
[WhiteElo "1542"]
[BlackElo "1222"]
[PlyCount "183"]
[EventDate "2022.07.??"]
[EventType "tourn"]
[EventRounds "7"]
[WhiteTeam "SF Lünen"]
[BlackTeam "SchachAkademiePaderborn"]

1. b3 d5 2. Bb2 c5 3. e3 Nc6 4. Nf3 Bg4 5. Be2 e6 6. O-O Nf6 7. h3 Bf5 8. d3
Be7 9. Nbd2 O-O 10. g4 Bg6 11. Nh4 Qc7 12. f4 Kh8 13. a3 b5 14. Qe1 h6 15. Ndf3
a5 16. Nxg6+ fxg6 17. g5 hxg5 18. Nxg5 Qd7 19. Qh4+ Nh5 20. Bxh5 Bxg5 21. Qxg5
gxh5 22. Qxh5+ Kg8 23. Rf2 a4 24. Rg2 Rf7 25. Kh1 d4 26. Rag1 Qd6 27. Rg6 Raa7
28. Kh2 dxe3 29. Qh6 Nd4 30. Bxd4 cxd4 31. Rxe6 Qxf4+ 32. Qxf4 Rxf4 33. b4 Rf2+
34. Kg3 Rxc2 35. Kf4 Rc3 36. Ke4 Rd7 37. Ra1 Rc2 38. Re5 Rh2 39. Rxb5 Rxh3 40.
Re5 Rh4+ 41. Kf3 Kf7 42. Kg3 Rh6 43. Rc1 Rf6 44. b5 Rf2 45. Rb1 Rd2 46. b6 Rb7
47. Rc5 Kg8 48. Rc7 e2 49. Kf2 Rd1 50. Kxe2 Rxb1 51. Rxb7 Kh7 52. Rd7 Rxb6 53.
Rxd4 Ra6 54. Ke3 Kg6 55. Re4 Kf6 56. Rc4 Re6+ 57. Kf3 Ra6 58. d4 Ke6 59. Ke4
Ra5 60. Rc6+ Ke7 61. Rc7+ Kf6 62. d5 g5 63. Rc6+ Ke7 64. Rg6 Rc5 65. Rxg5 Rc1
66. Rg3 Re1+ 67. Kd4 Rd1+ 68. Kc5 Rc1+ 69. Kb5 Rd1 70. Rg5 Kd6 71. Kxa4 Rxd5
72. Rxd5+ Kxd5 73. Kb5 Kd6 74. Kb6 Kd7 75. Kb7 Kd6 76. a4 Kc5 77. a5 Kb5 78. a6
Kb4 79. a7 Kb5 80. a8=Q Kb4 81. Qc8 Kb3 82. Kb6 Kb4 83. Qc5+ Ka4 84. Qc4+ Ka3
85. Kb5 Kb2 86. Qd3 Kc1 87. Kc4 Kb2 88. Qc3+ Kb1 89. Kd3 Ka2 90. Qb4 Ka1 91.
Kc3 Ka2 92. Qb2# 1-0

[Event "Sommerschach 2022 Vereinsspieler"]
[Site "Dortmund"]
[Date "2022.07.05"]
[Round "2.38"]
[White "Borch, Roland"]
[Black "Griese, Andreas"]
[Result "1-0"]
[WhiteElo "1512"]
[BlackElo "1151"]
[PlyCount "81"]
[EventDate "2022.07.??"]
[EventType "tourn"]
[EventRounds "7"]
[WhiteTeam "SVG Marten-Bövinghausen"]
[BlackTeam "SC Hansa Dortmund"]

1. Nf3 d5 2. e3 Nf6 3. b4 e6 4. b5 Be7 5. Bb2 O-O 6. c4 c6 7. a4 cxb5 8. axb5
Bd7 9. Qb3 b6 10. d3 a6 11. Nbd2 Bc8 12. Be2 Bb7 13. O-O Nbd7 14. d4 Ne4 15.
Rfd1 Ndf6 16. Ne5 Nxd2 17. Rxd2 axb5 18. cxb5 Rxa1+ 19. Bxa1 Ne4 20. Rc2 Nf6
21. Qb1 Nd7 22. Nc6 Qe8 23. Nxe7+ Qxe7 24. Rc7 Ba8 25. Qc1 Qd8 26. Bb2 Re8 27.
f4 Nf6 28. g3 Ne4 29. Ba3 g6 30. Ra7 Qc8 31. Qc7 Qxc7 32. Rxc7 f5 33. Bb4 Kh8
34. Bd3 Kg8 35. Kg2 Kh8 36. h3 Kg8 37. Bxe4 fxe4 38. g4 h6 39. Kg3 Kh8 40. Be7
Rg8 41. Bf6+ 1-0

[Event "Sommerschach 2022 Vereinsspieler"]
[Site "Dortmund"]
[Date "2022.07.05"]
[Round "2.39"]
[White "Hagelskamp, Fabio"]
[Black "Buchhop, Rainer"]
[Result "1/2-1/2"]
[WhiteElo "1084"]
[BlackElo "1493"]
[PlyCount "132"]
[EventDate "2022.07.??"]
[EventType "tourn"]
[EventRounds "7"]
[WhiteTeam "SV Waltrop"]
[BlackTeam "SV Unser Fritz"]

1. e4 c5 2. Bc4 e6 3. Nc3 Nc6 4. d3 Na5 5. Bb3 Nxb3 6. axb3 d6 7. Nf3 Bd7 8.
O-O Be7 9. Bf4 Bc6 10. Re1 e5 11. Bg3 Nf6 12. h3 O-O 13. Qd2 b5 14. Nd1 Qc7 15.
Ne3 g6 16. Bh4 Rfd8 17. Bg5 Nh5 18. Bh6 Bf8 19. Ng4 Bxh6 20. Qxh6 f6 21. g3 Qg7
22. Qxg7+ Kxg7 23. c4 bxc4 24. bxc4 a5 25. Nd2 a4 26. Ra3 Rdb8 27. Rb1 f5 28.
Ne3 f4 29. Nef1 Rf8 30. g4 Nf6 31. f3 h5 32. Kg2 hxg4 33. hxg4 Nh7 34. Rc1 Ng5
35. Rb1 Ne6 36. b3 Nd4 37. bxa4 Rxa4 38. Rxa4 Bxa4 39. Rb7+ Kf6 40. Nb1 Bc2 41.
Nc3 Bxd3 42. Nd5+ Kg5 43. Rd7 Bxc4 44. Rxd6 Bxf1+ 45. Kxf1 Nxf3 46. Rc6 Nd2+
47. Kf2 Nxe4+ 48. Kf3 Nf6 49. Nxf6 Rxf6 50. Rxc5 Re6 51. Rd5 Kf6 52. Ke4 Kg5
53. Kf3 Kh4 54. Rd8 Ra6 55. Rg8 Rf6 56. Rh8+ Kg5 57. Re8 Ra6 58. Rxe5+ Kf6 59.
Rb5 g5 60. Rb4 Ra3+ 61. Ke4 f3 62. Rb6+ Ke7 63. Rb7+ Kd6 64. Rb6+ Kc7 65. Rf6
Ra4+ 66. Kxf3 Kd7 1/2-1/2

[Event "Sommerschach 2022 Hobbyspieler"]
[Site "Dortmund"]
[Date "2022.07.05"]
[Round "2.1"]
[White "Bässler, Michael"]
[Black "Püttmann, Luca"]
[Result "0-1"]
[WhiteElo "996"]
[BlackElo "1263"]
[PlyCount "46"]
[EventDate "2022.07.??"]
[EventType "tourn"]
[EventRounds "7"]
[WhiteTeam "SC Hansa Dortmund"]
[BlackTeam "SV Kamen"]

1. d4 d5 2. Bf4 Nf6 3. e3 Bf5 4. Nf3 e6 5. Bd3 Bg6 6. O-O Be7 7. Nbd2 Nbd7 8.
Re1 c5 9. Ne5 a6 10. Nb1 Rc8 11. c3 O-O 12. Bxg6 hxg6 13. Qb3 b5 14. Nd2 Qb6
15. a4 b4 16. Qc2 cxd4 17. a5 Qa7 18. Nxg6 fxg6 19. Qxg6 dxc3 20. bxc3 Rf7 21.
cxb4 Bxb4 22. e4 Nf8 23. Ra4 Nxg6 0-1

[Event "Sommerschach 2022 Hobbyspieler"]
[Site "Dortmund"]
[Date "2022.07.05"]
[Round "2.2"]
[White "Schmidt, Andreas Norbert"]
[Black "Rogner, Alex"]
[Result "0-1"]
[WhiteElo "1124"]
[BlackElo "1040"]
[PlyCount "48"]
[EventDate "2022.07.??"]
[EventType "tourn"]
[EventRounds "7"]
[WhiteTeam "SF Brackel"]
[BlackTeam "SF Brackel"]

1. e4 e5 2. d4 exd4 3. c3 dxc3 4. Bc4 d6 5. Nf3 Be7 6. Qc2 Nf6 7. O-O O-O 8.
Nxc3 Bg4 9. Nd4 c5 10. Nb3 Nc6 11. Be2 Be6 12. Bg5 h6 13. Bh4 Nd7 14. Bxe7 Qxe7
15. Nd2 Nd4 16. Qd3 Ne5 17. Qg3 Nxe2+ 18. Nxe2 Rad8 19. Nf4 Qf6 20. Nh5 Qg6 21.
Qh4 Bc4 22. Nxc4 Nf3+ 23. Kh1 Nxh4 24. Nf4 Qxe4 0-1

[Event "Sommerschach 2022 Hobbyspieler"]
[Site "Dortmund"]
[Date "2022.07.05"]
[Round "2.3"]
[White "Bonn, Marcel"]
[Black "Frölich, Andreas"]
[Result "1-0"]
[WhiteElo "832"]
[BlackElo "1123"]
[PlyCount "73"]
[EventDate "2022.07.??"]
[EventType "tourn"]
[EventRounds "7"]
[WhiteTeam "SC Hansa Dortmund"]
[BlackTeam "SV Rochade Eving"]

1. e4 e5 2. Nf3 Nc6 3. Bc4 Bc5 4. O-O Nf6 5. d3 h6 6. h3 O-O 7. c3 d6 8. Re1 a6
9. d4 exd4 10. cxd4 Ba7 11. Nc3 Re8 12. a3 b5 13. Ba2 Bb7 14. Bb1 b4 15. axb4
Nxb4 16. Qb3 c5 17. d5 Qb6 18. Na4 Qc7 19. Bf4 a5 20. Nc3 Qb6 21. Bg3 Rec8 22.
Qd1 c4 23. Bh4 Nd7 24. Nh2 Ne5 25. Ng4 Nxg4 26. Qxg4 Nd3 27. Bxd3 cxd3 28. Rab1
Rc4 29. Re3 Rxc3 30. Rg3 g6 31. Rf3 Rac8 32. Rxf7 Rc1+ 33. Kh2 Kxf7 34. Qe6+
Kg7 35. Bf6+ Kf8 36. Qe7+ Kg8 37. Qg7# 1-0

[Event "Sommerschach 2022 Hobbyspieler"]
[Site "Dortmund"]
[Date "2022.07.05"]
[Round "2.5"]
[White "Böckmann, Lieselotte"]
[Black "Martins, Arne"]
[Result "1-0"]
[WhiteElo "954"]
[BlackElo "793"]
[PlyCount "53"]
[EventDate "2022.07.??"]
[EventType "tourn"]
[EventRounds "7"]
[WhiteTeam "FS Dortmund"]
[BlackTeam "SV Erkenschwick"]

1. c4 e5 2. Nc3 Nf6 3. e3 d5 4. Nf3 Nc6 5. d3 dxc4 6. Be2 e4 7. Nd4 Nxd4 8. O-O
Nxe2+ 9. Nxe2 cxd3 10. Nd4 Qd6 11. Qa4+ Bd7 12. Qb3 Ng4 13. g3 O-O-O 14. Bd2
Qb6 15. Qxf7 Qxb2 16. Rfd1 Bb4 17. Rab1 Rhf8 18. Qd5 Ba4 19. Qe6+ Bd7 20. Qc4
Qa3 21. Bxb4 Qa4 22. Ne6 Bxe6 23. Qxe6+ Kb8 24. Bxf8 Rxf8 25. Qxg4 Qxa2 26. Rf1
d2 27. Qd1 1-0

[Event "Sommerschach 2022 Vereinsspieler"]
[Site "Dortmund"]
[Date "2022.07.06"]
[Round "3.1"]
[White "Schmidt, Ralph"]
[Black "Luft, Dennis"]
[Result "0-1"]
[WhiteElo "1960"]
[BlackElo "2308"]
[PlyCount "76"]
[EventDate "2022.07.??"]
[EventType "tourn"]
[EventRounds "7"]
[WhiteTeam "SV Bochum-Linden"]
[BlackTeam "SF Brackel"]

1. e4 e6 2. Nc3 d5 3. exd5 exd5 4. Qf3 Ne7 5. d4 Nbc6 6. Be3 h5 7. Qd1 Bg4 8.
Be2 Qd7 9. h3 Be6 10. Bxh5 Nf5 11. Bf3 Nxe3 12. fxe3 Be7 13. Nge2 g5 14. Kd2 f5
15. Qf1 O-O-O 16. g3 Qd6 17. a3 Rhf8 18. Rg1 f4 19. exf4 gxf4 20. Nb5 Qd7 21.
gxf4 Bf6 22. Bg4 a6 23. Nbc3 Nxd4 24. Nxd4 Bxd4 25. Rg3 Bxg4 26. Rxg4 Bxc3+ 27.
Kxc3 d4+ 28. Kd2 d3 29. cxd3 Qb5 30. b4 Rf6 31. Rc1 Rfd6 32. Rc3 Qd5 33. f5
Qa2+ 34. Rc2 Qxa3 35. Rc3 Qb2+ 36. Rc2 Qe5 37. Rc5 Rxd3+ 38. Qxd3 Qh2+ 0-1

[Event "Sommerschach 2022 Vereinsspieler"]
[Site "Dortmund"]
[Date "2022.07.06"]
[Round "3.2"]
[White "Lin, Yi"]
[Black "Huckebrink, Chris"]
[Result "0-1"]
[WhiteElo "1872"]
[BlackElo "2042"]
[PlyCount "78"]
[EventDate "2022.07.??"]
[EventType "tourn"]
[EventRounds "7"]
[WhiteTeam "SC Hansa Dortmund"]
[BlackTeam "SV Ahlen"]

1. e4 c5 2. Nf3 Nc6 3. d3 g6 4. g3 Bg7 5. Bg2 d6 6. O-O h5 7. h4 Bg4 8. c3 Qd7
9. Re1 O-O-O 10. Bf4 e5 11. Be3 f5 12. b4 cxb4 13. cxb4 f4 14. Bd2 Kb8 15. Na3
g5 16. b5 Nd4 17. b6 axb6 18. Nc2 fxg3 19. Bxg5 gxf2+ 20. Kxf2 Nxf3 21. Bxf3
Rf8 22. Re3 Bh6 23. Kg2 Bxg5 24. Bxg4 hxg4 25. hxg5 Qh7 26. Qg1 Ne7 27. Rf1 Ng6
28. Rf6 Qh5 29. Kf1 Qxg5 30. Rxf8+ Rxf8+ 31. Ke1 Nh4 32. Kd1 Nf3 33. Qg3 Qf4
34. Qg2 Rh8 35. Re2 Rh3 36. Qf1 Qh6 37. Ne1 Rh1 38. Qf2 Qf4 39. Qe3 Nxe1 0-1

[Event "Sommerschach 2022 Vereinsspieler"]
[Site "Dortmund"]
[Date "2022.07.06"]
[Round "3.3"]
[White "Krause, Dieter"]
[Black "Arakelian, Aik"]
[Result "0-1"]
[WhiteElo "2030"]
[BlackElo "2015"]
[PlyCount "104"]
[EventDate "2022.07.??"]
[EventType "tourn"]
[EventRounds "7"]
[WhiteTeam "SV Rochade Eving"]
[BlackTeam "SG Ennepe-Ruhr-Süd"]

1. Nf3 c5 2. c4 Nc6 3. d4 cxd4 4. Nxd4 Nf6 5. Nc3 e6 6. Ndb5 d6 7. e4 a6 8. Na3
Be7 9. Be2 O-O 10. O-O Qc7 11. Bf4 Rd8 12. Bg3 b6 13. Nc2 Bb7 14. Ne3 Rac8 15.
Rc1 Qb8 16. f4 Qa8 17. Bf3 Na5 18. Qd3 b5 19. cxb5 axb5 20. Qxb5 Nxe4 21. Nxe4
Bxe4 22. Rxc8 Rxc8 23. Qb4 Bxf3 24. Rxf3 Nc6 25. Qa3 Nd4 26. Rf1 Qxa3 27. bxa3
Rc3 28. Nd1 Rxa3 29. Rf2 d5 30. Rd2 Nf5 31. Bf2 h5 32. g3 g5 33. fxg5 Bxg5 34.
Bc5 Rxg3+ 35. hxg3 Bxd2 36. Kf2 Ba5 37. a4 Bc7 38. Kf3 Ba5 39. Nf2 Kg7 40. Nd3
h4 41. g4 Ng3 42. Bb4 Bxb4 43. Nxb4 Ne4 44. a5 Nd2+ 45. Kg2 Nc4 46. a6 Kh6 47.
a7 Nb6 48. Nc6 Kg5 49. Nd8 Kxg4 50. Nxf7 d4 51. Ne5+ Kf4 52. Nc4 Na8 0-1

[Event "Sommerschach 2022 Vereinsspieler"]
[Site "Dortmund"]
[Date "2022.07.06"]
[Round "3.4"]
[White "Grube, Jörg"]
[Black "Kruse, Victor"]
[Result "0-1"]
[WhiteElo "1815"]
[BlackElo "1733"]
[PlyCount "58"]
[EventDate "2022.07.??"]
[EventType "tourn"]
[EventRounds "7"]
[WhiteTeam "FS Dortmund"]
[BlackTeam "SK Köln-Südwest"]

1. e4 c6 2. d4 d5 3. exd5 cxd5 4. c4 Nf6 5. Nc3 Nc6 6. cxd5 Nxd5 7. Bc4 Nxc3 8.
bxc3 e6 9. Nf3 Be7 10. O-O O-O 11. Bd3 b6 12. Bc2 Ba6 13. Re1 Rc8 14. Re3 g6
15. h4 Qd5 16. Ng5 Bf6 17. Be4 Qd7 18. Rg3 Bxd4 19. cxd4 Nxd4 20. Bd3 Nf5 21.
Rh3 Rfd8 22. g4 Qd4 23. Rb1 Bxd3 24. Bb2 Bc2 25. Bxd4 Bxd1 26. gxf5 Rxd4 27.
fxe6 f6 28. Nf7 Bg4 29. Nh6+ Kg7 0-1

[Event "Sommerschach 2022 Vereinsspieler"]
[Site "Dortmund"]
[Date "2022.07.06"]
[Round "3.5"]
[White "Morawietz, Manuel"]
[Black "Atali, Dogukan"]
[Result "0-1"]
[WhiteElo "1928"]
[BlackElo "1811"]
[PlyCount "106"]
[EventDate "2022.07.??"]
[EventType "tourn"]
[EventRounds "7"]
[WhiteTeam "SV Unna"]
[BlackTeam "SV Waltrop"]

1. e4 e6 2. d4 d5 3. Nc3 Nf6 4. e5 Nfd7 5. f4 c5 6. Nf3 Nc6 7. Be3 Be7 8. Be2
O-O 9. O-O f6 10. f5 cxd4 11. fxe6 Ndxe5 12. Nxd4 Nxd4 13. Qxd4 Bxe6 14. Rad1
Nc6 15. Qa4 d4 16. Nb5 Qb6 17. Nxd4 Nxd4 18. Qxd4 Qxd4 19. Rxd4 Bc5 20. Rd3
Bxe3+ 21. Rxe3 Bd5 22. Rd1 Rae8 23. Rxe8 Rxe8 24. Bb5 Bc6 25. Bxc6 bxc6 26. Rd7
Re1+ 27. Kf2 Rb1 28. Rb7 Rc1 29. c3 Rc2+ 30. Kf3 h5 31. h4 Kh7 32. a4 a5 33.
Rb6 Kg6 34. g3 Kh6 35. Rxc6 Rxb2 36. Rc5 Ra2 37. Rc4 Ra1 38. Ke3 Rg1 39. Kf2
Ra1 40. Rd4 Ra3 41. Rc4 Ra1 42. Kf3 Rf1+ 43. Ke2 Rg1 44. Rd4 Rxg3 45. Kd2 Rg4
46. Kd3 Kg6 47. c4 Rxd4+ 48. Kxd4 Kf7 49. Kd5 Ke7 50. Kc6 g5 51. Kb7 gxh4 52.
c5 h3 53. c6 h2 0-1

[Event "Sommerschach 2022 Vereinsspieler"]
[Site "Dortmund"]
[Date "2022.07.06"]
[Round "3.6"]
[White "Melmer, Felix"]
[Black "Jochmann, Christian"]
[Result "0-1"]
[WhiteElo "2031"]
[BlackElo "1995"]
[PlyCount "150"]
[EventDate "2022.07.??"]
[EventType "tourn"]
[EventRounds "7"]
[BlackTeam "SC Doppelbauer Brambauer"]

1. d4 Nf6 2. c4 e6 3. Bg5 d5 4. cxd5 exd5 5. Nc3 Be7 6. e3 O-O 7. Bd3 Re8 8.
Bxf6 Bxf6 9. Qh5 g6 10. Qxd5 Qe7 11. Nge2 c6 12. Qf3 Nd7 13. O-O Nb6 14. e4 c5
15. dxc5 Bxc3 16. Nxc3 Qxc5 17. Rac1 Qb4 18. Nb5 Re5 19. Nc7 Rb8 20. b3 Bd7 21.
Qg3 Qe7 22. f4 Ra5 23. f5 Rd8 24. f6 Qb4 25. Qe3 Rxa2 26. Nd5 Nxd5 27. exd5 Re8
28. Qh6 Qf8 29. Qf4 Ra5 30. Bc4 Bb5 31. b4 Bxc4 32. Qxc4 Ra4 33. Rf4 a5 34. Qb5
Rxb4 35. Rxb4 axb4 36. Qxb7 h5 37. Qc7 Rd8 38. Qc4 Qd6 39. Qd4 b3 40. Rd1 Rb8
41. Qb2 Qc5+ 42. Kf1 Qc2 43. Rd2 Qxb2 44. Rxb2 Kf8 45. Ke2 Ke8 46. Kd3 Kd7 47.
Kc4 Kd6 48. h4 Rb6 49. Kd4 Rb4+ 50. Kc3 Kc5 51. d6 Rb8 52. d7 Kc6 53. d8=Q Rxd8
54. Rxb3 Rd6 55. Kc4 Rxf6 56. g3 Rd6 57. Rf3 f6 58. Ra3 Kd7 59. Re3 Re6 60.
Rd3+ Ke7 61. Ra3 Kf7 62. Kd5 Re7 63. Kd6 Re6+ 64. Kd5 Re5+ 65. Kd6 g5 66. hxg5
Rxg5 67. Rf3 Re5 68. Rf4 Kg6 69. Rf3 Kg5 70. Ra3 Re2 71. Rf3 f5 72. Kd5 Re4 73.
Ra3 Kg4 74. Rb3 Re1 75. Kd4 Rg1 0-1

[Event "Sommerschach 2022 Vereinsspieler"]
[Site "Dortmund"]
[Date "2022.07.06"]
[Round "3.7"]
[White "Dahlbeck, Mirko"]
[Black "Kasapchuk, Oleksandr"]
[Result "0-1"]
[WhiteElo "2060"]
[BlackElo "1581"]
[PlyCount "56"]
[EventDate "2022.07.??"]
[EventType "tourn"]
[EventRounds "7"]
[WhiteTeam "Sport Union Annen"]
[BlackTeam "SF Brackel"]

1. e4 e5 2. Nf3 Nc6 3. d4 exd4 4. c3 d3 5. Bxd3 Nf6 6. e5 Ng4 7. O-O Bc5 8. h3
Ngxe5 9. Re1 Qe7 10. b4 Bb6 11. b5 Nxf3+ 12. gxf3 Ne5 13. Kg2 d6 14. f4 Qh4 15.
Qf3 Bxh3+ 16. Kg1 Bg4 17. Qg2 O-O-O 18. fxe5 dxe5 19. Be4 f5 20. Bxb7+ Kb8 21.
Ba6 e4 22. Qh2 Bh3 23. Bf4 Rd3 24. Be5 e3 25. Bg3 exf2+ 26. Bxf2 Rg3+ 27. Kh1
Bg2+ 28. Kg1 Bf3+ 0-1

[Event "Sommerschach 2022 Vereinsspieler"]
[Site "Dortmund"]
[Date "2022.07.06"]
[Round "3.8"]
[White "Payes, Marco"]
[Black "Peters, Michael"]
[Result "0-1"]
[WhiteElo "1630"]
[BlackElo "1987"]
[PlyCount "68"]
[EventDate "2022.07.??"]
[EventType "tourn"]
[EventRounds "7"]
[WhiteTeam "SK Holsterhausen"]
[BlackTeam "Bochumer SV"]

1. d4 d5 2. Bf4 c5 3. e3 Nc6 4. c3 Qb6 5. Qc1 cxd4 6. exd4 Bf5 7. Nf3 Rc8 8.
Na3 e6 9. Nc2 Nf6 10. Be2 a6 11. O-O Bxc2 12. Qxc2 Nxd4 13. Nxd4 Qxd4 14. Be3
Qe5 15. Qa4+ Nd7 16. Rfe1 Qc7 17. Bd4 Qc6 18. Qd1 Nf6 19. Bf3 Be7 20. h4 O-O
21. h5 h6 22. Qd3 Nd7 23. Bg4 Bf6 24. Be3 Ne5 25. Qe2 Nxg4 26. Qxg4 Qc4 27. Qf3
d4 28. Bxh6 dxc3 29. Re4 cxb2 30. Rb1 Qc2 31. Ree1 Rc3 32. Be3 Ra3 33. h6 Rxa2
34. hxg7 Bxg7 0-1

[Event "Sommerschach 2022 Vereinsspieler"]
[Site "Dortmund"]
[Date "2022.07.06"]
[Round "3.9"]
[White "Mann, Gergely"]
[Black "Klemm, Joachim"]
[Result "1-0"]
[WhiteElo "1653"]
[BlackElo "1643"]
[PlyCount "49"]
[EventDate "2022.07.??"]
[EventType "tourn"]
[EventRounds "7"]
[WhiteTeam "SF Essen-Werden"]
[BlackTeam "SU Huckarde-Westerfilde"]

1. e4 c6 2. Nc3 d5 3. Nf3 g6 4. d4 Bg7 5. h3 dxe4 6. Nxe4 Bf5 7. Ng3 Nf6 8.
Nxf5 Qa5+ 9. Bd2 Qxf5 10. Bd3 Qe6+ 11. Ne5 Nbd7 12. f4 O-O 13. Qf3 Rad8 14. O-O
Nb6 15. c3 Qd5 16. a4 c5 17. dxc5 Qxc5+ 18. Be3 Qc7 19. a5 Nc8 20. a6 b6 21.
Qb7 Qd6 22. Rfd1 Qe6 23. Bc4 Qf5 24. Rxd8 Rxd8 25. Nxf7 1-0

[Event "Sommerschach 2022 Vereinsspieler"]
[Site "Dortmund"]
[Date "2022.07.06"]
[Round "3.10"]
[White "Scholtyßek, Normann"]
[Black "Kantor, Nikita"]
[Result "0-1"]
[WhiteElo "1540"]
[BlackElo "1870"]
[PlyCount "34"]
[EventDate "2022.07.??"]
[EventType "tourn"]
[EventRounds "7"]
[BlackTeam "SC Wambel"]

1. d4 Nf6 2. c4 Nc6 3. d5 Ne5 4. Qd4 Ng6 5. e4 e6 6. Nc3 b6 7. g3 Bc5 8. Qd1
O-O 9. h4 exd5 10. h5 Ne5 11. h6 Neg4 12. hxg7 Bxf2+ 13. Kd2 Re8 14. exd5 d6
15. Kc2 Re1 16. Qd3 Ne5 17. Qd2 Bf5+ 0-1

[Event "Sommerschach 2022 Vereinsspieler"]
[Site "Dortmund"]
[Date "2022.07.06"]
[Round "3.11"]
[White "Bilenko, Yaroslav"]
[Black "Ropel, Dennis"]
[Result "1/2-1/2"]
[WhiteElo "1568"]
[BlackElo "1725"]
[PlyCount "41"]
[EventDate "2022.07.??"]
[EventType "tourn"]
[EventRounds "7"]
[BlackTeam "SG Mengede"]

1. e4 d6 2. d4 Nf6 3. Nc3 g6 4. Be3 Bg7 5. f3 Nc6 6. Qd2 h5 7. O-O-O e5 8. Nge2
exd4 9. Nxd4 Bd7 10. Kb1 a6 11. Bc4 Ne5 12. Bb3 b5 13. Nd5 c5 14. Ne2 O-O 15.
Nxf6+ Bxf6 16. Qxd6 c4 17. f4 Bg4 18. fxe5 Qxd6 19. Rxd6 Bxe5 20. Rd5 cxb3 21.
Rxe5 1/2-1/2

[Event "Sommerschach 2022 Vereinsspieler"]
[Site "Dortmund"]
[Date "2022.07.06"]
[Round "3.12"]
[White "Krug, Michael"]
[Black "Feldhammer, Oskar"]
[Result "1/2-1/2"]
[WhiteElo "1891"]
[BlackElo "1718"]
[PlyCount "132"]
[EventDate "2022.07.??"]
[EventType "tourn"]
[EventRounds "7"]
[WhiteTeam "SC Wambel"]
[BlackTeam "Bahn-SC Wuppertal"]

1. e4 c6 2. d4 d5 3. e5 c5 4. c3 Nc6 5. Nf3 Bf5 6. Be2 e6 7. O-O Be7 8. a3 Qb6
9. Qa4 Qa5 10. Qxa5 Nxa5 11. Nbd2 c4 12. a4 a6 13. Ne1 Bg6 14. f4 f6 15. Bd1
fxe5 16. fxe5 Nh6 17. g4 Kd7 18. h3 Rhf8 19. b4 cxb3 20. Nxb3 Rxf1+ 21. Kxf1
Rf8+ 22. Kg1 Nxb3 23. Bxb3 Bh4 24. Ng2 Bf2+ 25. Kh2 Rf3 26. Bd2 Bxd4 27. cxd4
Rxb3 28. Ra2 Rd3 29. Be3 Be4 30. Bf2 g5 31. a5 Nf7 32. Rb2 Kc7 33. h4 h6 34.
Ra2 Nd8 35. hxg5 hxg5 36. Ne1 Rc3 37. Ng2 Nf7 38. Ne3 Rd3 39. Rb2 Ra3 40. Nc2
Rxa5 41. Be3 Ra4 42. Ne1 Rc4 43. Rf2 Nh6 44. Kg3 Rc3 45. Re2 b5 46. Nf3 Nf7 47.
Kf2 Rc2 48. Rxc2+ Bxc2 49. Bxg5 b4 50. Bc1 b3 51. Ke1 a5 52. Kd2 Nh8 53. Kc3
Ng6 54. g5 Kb6 55. Nd2 a4 56. Nf3 Kb5 57. Ba3 Nf4 58. Nh4 Ne2+ 59. Kb2 Nxd4 60.
g6 Nf5 61. Nf3 Kc4 62. Bf8 Ng7 63. Bxg7 Bxg6 64. Bf8 Kd3 65. Ng5 Kd4 66. Bd6
Bf5 1/2-1/2

[Event "Sommerschach 2022 Vereinsspieler"]
[Site "Dortmund"]
[Date "2022.07.06"]
[Round "3.13"]
[White "Radulovic, Drazen"]
[Black "Nathe, Nico"]
[Result "1-0"]
[WhiteElo "2184"]
[BlackElo "1563"]
[PlyCount "25"]
[EventDate "2022.07.??"]
[EventType "tourn"]
[EventRounds "7"]
[BlackTeam "SV Rochade Eving"]

1. e4 c5 2. Nc3 Nc6 3. g3 d6 4. Bg2 g6 5. d3 Bg7 6. Nge2 Nf6 7. O-O O-O 8. h3
Rb8 9. f4 Nd7 10. Be3 b5 11. Qd2 b4 12. Nd1 Bxb2 13. Nxb2 1-0

[Event "Sommerschach 2022 Vereinsspieler"]
[Site "Dortmund"]
[Date "2022.07.06"]
[Round "3.14"]
[White "Lebioda-Dette, Kordula"]
[Black "Zelt, Jens"]
[Result "0-1"]
[WhiteElo "1693"]
[BlackElo "2073"]
[PlyCount "66"]
[EventDate "2022.07.??"]
[EventType "tourn"]
[EventRounds "7"]
[WhiteTeam "SF Essen-Werden"]
[BlackTeam "SC Hansa Dortmund"]

1. e4 d6 2. Nf3 c6 3. Be2 e5 4. d3 Ne7 5. O-O Ng6 6. c3 Be7 7. Be3 O-O 8. Na3
Nd7 9. Nc2 h6 10. h3 Kh7 11. d4 Qc7 12. Bd3 Nf6 13. c4 b6 14. b4 a5 15. a4 Bd7
16. b5 c5 17. d5 Kg8 18. Qc1 Rfe8 19. Kh2 Nxe4 20. Bxe4 f5 21. Bxf5 Bxf5 22.
Ra3 Bf8 23. g3 e4 24. Ng1 Ne5 25. Ne1 Ra7 26. Rc3 Qd8 27. Qd1 Rf7 28. f3 exf3
29. Ngxf3 Nxc4 30. Rxc4 Rxe3 31. Nh4 Bg6 32. Rxf7 Bxf7 33. Nef3 Qf6 0-1

[Event "Sommerschach 2022 Vereinsspieler"]
[Site "Dortmund"]
[Date "2022.07.06"]
[Round "3.15"]
[White "Bungarten, Jona"]
[Black "Jähnicke, Karl-Heinz"]
[Result "1-0"]
[WhiteElo "1843"]
[BlackElo "1823"]
[PlyCount "75"]
[EventDate "2022.07.??"]
[EventType "tourn"]
[EventRounds "7"]
[WhiteTeam "SF Brackel"]
[BlackTeam "SV Rochade Eving"]

1. e4 e5 2. Nf3 d6 3. Bc4 Nf6 4. Ng5 d5 5. exd5 h6 6. Nf3 e4 7. Nd4 Bc5 8. Nb3
Bb6 9. d3 Bg4 10. Qd2 O-O 11. O-O Re8 12. dxe4 Nxe4 13. Qf4 Nxf2 14. Rxf2 Re1+
15. Bf1 Be2 16. Qxf7+ Kh8 17. N1d2 Nd7 18. Kh1 Bh5 19. Qxh5 Bxf2 20. Qf3 Bb6
21. Nc4 Qe7 22. Bf4 Rf8 23. g3 Rxa1 24. Nxa1 Qe1 25. Nb3 g5 26. Nc1 gxf4 27.
Nd3 Qe7 28. Nxf4 Qf6 29. Bd3 Re8 30. Qh5 Re1+ 31. Kg2 Qg7 32. Ne6 Rxe6 33. dxe6
Nc5 34. Nxb6 Nxd3 35. Qe8+ Kh7 36. cxd3 Qxb2+ 37. Kh3 Qxb6 38. Qf7+ 1-0